Potreba controllingového zmýšľania pracovníkov vo firme
Controllingové správanie sa zodpovedných pracovníkov firmy - manažment najnižšej úrovne, normovači a kalkulanti, účtovníci.
Saved in:
| Main Author: | |
|---|---|
| Format: | Book Chapter |
| Language: | Slovak |
| Subjects: | |
| Tags: |
No Tags, Be the first to tag this record!
|
MARC
| LEADER | 00000naa a2200000 4500 | ||
|---|---|---|---|
| 001 | r043336 | ||
| 005 | 20231002115553.1 | ||
| 041 | 0 | |a slo | |
| 044 | |a SK | ||
| 245 | 1 | 0 | |a Potreba controllingového zmýšľania pracovníkov vo firme |c Martin Tučník |
| 520 | |a Controllingové správanie sa zodpovedných pracovníkov firmy - manažment najnižšej úrovne, normovači a kalkulanti, účtovníci. | ||
| 610 | 2 | 0 | |a kontroling |
| 610 | 2 | 0 | |a firmy |
| 610 | 2 | 0 | |a pracovníci |
| 610 | 2 | 0 | |a manažment personálny |
| 610 | 2 | 0 | |a účtovníci |
| 100 | 1 | |a Tučník, Martin | |